| 000 | 00537nam a2200181 i 4500 | ||
|---|---|---|---|
| 001 | 22207 | ||
| 003 | ES-MaACL | ||
| 005 | 20250823092231.0 | ||
| 007 | t| | ||
| 008 | 021129s1935 sp ||||1| spa d | ||
| 100 | 1 |
_aAlfonso, Eduardo, _d1896-1991 _919848 |
|
| 245 | 1 | 0 |
_aGuía lírica del auditor de conciertos / _cEduardo Alfonso. |
| 260 |
_aMadrid : _bSagitario, _c1935 ( _fSan Rafael) |
||
| 300 |
_a291 p. ; _c18 cm. |
||
| 650 | 7 |
_aMúsica- _xApreciación _2 _9170200 |
|
| 852 |
_aES-MaACL _jA-4087 |
||
| 999 |
_c22207 _d22207 |
||